000
00333nam a2200133Ia 4500
008
240624s9999 xx 000 0 und d
041
_a
eng
082
_a
658.83 KUM
100
_a
KUMAR V
245
_a
INTERNATIONAL MARKETING RESEARCH
260
_c
2003
_a
New Delhi
_b
Prentice-Hall
300
_a
xxx, : 448 : p. : cm. ; 24
365
_c
RS
999
_c
370
_d
370